অনল-প্রবাহের উৎস কেন্দ্রে / (Record no. 44549)
[ view plain ]
| 000 -LEADER | |
|---|---|
| fixed length control field | 00974nam a22002417a 4500 |
| 001 - CONTROL NUMBER | |
| control field | 44549 |
| 003 - CONTROL NUMBER IDENTIFIER | |
| rucl marc code | BD-RjUL |
| 005 - DATE AND TIME OF LATEST TRANSACTION | |
| control field | 20211209053858.0 |
| 008 - FIXED-LENGTH DATA ELEMENTS--GENERAL INFORMATION | |
| fixed length control field | 160718s1967 bg ||||| |||| 00| 0 ben d |
| 020 ## - INTERNATIONAL STANDARD BOOK NUMBER | |
| Terms of availability | : TK 1.00 |
| 035 ## - SYSTEM CONTROL NUMBER | |
| System control number | (BD-RjUL)44667 |
| 040 ## - CATALOGING SOURCE | |
| Original cataloging agency | BD-RjUL |
| Language of cataloging | ben |
| Transcribing agency | BD-RjUL |
| 041 ## - LANGUAGE CODE | |
| Language code of text/sound track or separate title | ben |
| 082 ## - DEWEY DECIMAL CLASSIFICATION NUMBER | |
| Edition number | 23 |
| Classification number | 891.4409 |
| Author mark and year | ONO 1967 |
| 245 00 - TITLE STATEMENT | |
| Title | অনল-প্রবাহের উৎস কেন্দ্রে / |
| 250 ## - EDITION STATEMENT | |
| Edition statement | ২য় সং. |
| 260 ## - PUBLICATION, DISTRIBUTION, ETC. (IMPRINT) | |
| Place of publication, distribution, etc. | সিরাজগঞ্জ : |
| Name of publisher, distributor, etc. | শিরাজী-স্মৃতি সংসদ, |
| Date of publication, distribution, etc. | ১৯৬৭ [১৩৭৪] |
| 300 ## - PHYSICAL DESCRIPTION | |
| Pagination | [২০], ২০২ পৃ. : |
| Illustrations | চিত্র ; |
| Size | ২০ সেমি. |
| 650 ## - SUBJECT ADDED ENTRY--TOPICAL TERM | |
| Topical term or geographic name as entry element | বাংলা সাহিত্য |
| General subdivision | ইতিহাস ও সমালোচনা |
| 9 (RLIN) | 136689 |
| Topical term or geographic name as entry element | Bengali LIterature |
| General subdivision | History & Criticism |
| 9 (RLIN) | 136690 |
| 700 ## - ADDED ENTRY--PERSONAL NAME | |
| Personal name | আহমদ, ইজাব উদ্দীন, সম্পাদক |
| 942 ## - ADDED ENTRY ELEMENTS (KOHA) | |
| Source of classification or shelving scheme | Dewey Decimal Classification |
| Koha item type | Books |
| Lost status | Source of classification or shelving scheme | Damaged status | Not for loan | Collection code | Permanent Location | Current Location | Shelving location | Date acquired | Source of acquisition | Cost, normal purchase price | Total Checkouts | Full call number | Date last seen | Date checked out | Copy number | Koha item type |
|---|---|---|---|---|---|---|---|---|---|---|---|---|---|---|---|---|
| Dewey Decimal Classification | Non-fiction | Central Library, University of Rajshahi | Central Library, University of Rajshahi | 22/10/1968 | Sirajgonj | 1.00 | 1 | B 891.4409 ONO 1967 | 04/08/2025 | 13/07/2025 | C-2 | Books |